Statistics for DC- All Speedsters

Click here to take the quiz!

General Stats

  • This quiz has been taken 161 times
    (120 since last reset)
  • The average score is 20 of 64

Answer Stats

Answer% Correct
The Flash
98%
Wallace 'Wally' West/Kid Flash/Flash/Kid Demon/Speed Demon
98%
Hunter Zolomon/Zoom/Reverse Flash
93%
Prof. Eobard Thawne/Prof. Zoom/(Reverse) Flash/Black Flash/Harrison Wells
88%
Bartholomew 'Bart' Allen/Impulse/Kid Flash/The Flash
86%
Det. Bartholomew 'Barry' Allen/The (Negative) Flash/Black Racer/Hot Pursuit/Savitar
84%
Jason 'Jay' Garrick/The Flash/Mercury/Whiz/Speed Demon/Kid Flash
84%
Daniel West/Reverse Flash
81%
Iris West II/Kid Flash/Impulse
78%
Jesse Chambers/Jesse Quick/Black Flash
71%
Thaddeus Thawne/Inertia/Kid Zoom/Kid Flash/Reverse Impulse
70%
Savitar
69%
Det. August Heart/Godspeed
63%
Jesse Quick
57%
Jesse Wells/Jesse Quick
57%
Black Flash
48%
Maxwell 'Max' Crandall/Max Mercury/Quicksilver
36%
Jonathan 'John' Fox/The Flash
35%
Jonathan Allen/Johnny Quick
29%
Jonathan Chambers/Johnny Quick
29%
Walter West/The Flash
29%
Inertia II
28%
Danica Williams/The Flash
27%
Sela Allen/The Flash
27%
Carrianne 'Carrie' Allen/The Flash
25%
Blaze Allen/Speed Demon
24%
Jerry McGee/Speed Demon
24%
Mary Maxwell/The Flash
24%
Eleanor 'Nora' Allen Jr.
23%
Eliza Harmon/Trajectory
23%
Lia Nelson/The Flash
23%
Tanaka Rei/The Flash
23%
Teresa 'Teri' Magnus/The Flash
23%
David West/The Flash
22%
Linda Park/The Flash
22%
Race Morrison/The Flash
22%
Bruce Wayne/The Red Death
20%
Bryan Mallory/The Flash
20%
Jason 'Jay' West/The Flash
20%
Edward Clariss/The Rival
18%
Dr. Meena Dhawan/Fast-Track/Negative Flash
16%
Patricia 'Patty' Spivot/Hot Pursuit
16%
Ivana Molotova/Christina Alexandrova/Lady Flash
12%
Lady Flash
12%
Avery Ho
10%
Chardaq Allen/Cobalt Blue
8%
Jai West
8%
Malcolm Thawne/Cobalt Blue
8%
Raymond 'Ray'/Red Racer
6%
The Accelerated Man
6%
Blitzen
5%
Mercury Man
5%
Speed Freak
5%
The Streak
5%
Aquaflash
4%
S'kidd Flash
4%
Formula-I
2%
Impetus
2%
Mercury Flash
2%
Phaeton
2%
The Fast Man
2%
Dr. Joseph Carver
1%
Killspeed
1%
The Whiz
1%

Score Distribution

Percentile by Number Answered

Percent of People with Each Score

Your Score History

You have not taken this quiz since the last reset